Guess the Lana Del Rey song EASY VER. - Statistics

General Stats
  • This quiz has been taken 205 times
  • The average score is 10 of 15
Answer Stats
Hint Answer % Correct
My pussy tastes like Pepsi-____, my eyes are wide like cherry pies Cola
96%
Nothing scares me anymore Summertime Sadness
89%
You're so ___________, out on the floor, shining like gun metal, cold and unsure Art Deco
82%
No one compares to you, I'm scared that you won't be waiting on the other side Dark Paradise
76%
My and my girl, we got this relationship, I love her so bad, but she treats me like sh*t Doin' Time
76%
We could go back to New York, loving you was really hard Ultraviolence
76%
And I shouldn't cry, but I love it, Starboy Stargirl Interlude
75%
There's things I wanna talk about, but better not to give Cinnamon Girl
74%
I don't wanna liveeeeeeeee Dealer
74%
Hands on your knees, I'm Angelina Jolie Peppers
74%
But now I'm in LA and it's paradise, because I finally found you Radio
61%
Climbing up the H of the Hollywood sign Lust for Life
60%
Today I saw you _________, your __________, today I saw your ___________, I said you're a _____________ White Mustang
49%
Baby I'm a sociopath, sweet __________ Serial Killer
46%
I know, I know, I know that you hate me Taco Truck X VB
31%
No matching quizzes found
Score Distribution
Percent of People with Each Score
Percentile by Number Answered
Your Score History
You have not taken this quiz